Memoria biográfica de los méritos y servicios contraídos por el Mariscal de Campo de los ejércitos nacionales, D. Nicolás Ezequiel de Isidro García de la Plazuela : (Record no. 156109)

MARC details
000 -LEADER
campo de control de longitud fija 01303nam a22002175i 4500
001 - NÚMERO DE CONTROL
campo de control 156109
003 - IDENTIFICADOR DE NÚMERO DE CONTROL
campo de control ES-MaACL
005 - FECHA Y HORA DE LA ÚLTIMA TRANSACCIÓN
campo de control 20230906210326.0
008 - DATOS DE LONGITUD FIJA--INFORMACIÓN GENERAL
campo de control de longitud fija 981215s1840 sp |||| | spa d
080 ## - NÚMERO DE LA CLASIFICACIÓN DECIMAL UNIVERSAL
Número de la Clasificación Decimal Universal 929 García de la Plazuela, Nicolas Ezequiel de Isidro
080 ## - NÚMERO DE LA CLASIFICACIÓN DECIMAL UNIVERSAL
Número de la Clasificación Decimal Universal 94(460.27 M.)"18"
100 1# - ENTRADA PRINCIPAL--NOMBRE DE PERSONA
Nombre de persona García de la Plazuela, Nicolas Ezequiel de Isidro.
9 (RLIN) 137493
245 10 - MENCIÓN DEL TÍTULO
Título Memoria biográfica de los méritos y servicios contraídos por el Mariscal de Campo de los ejércitos nacionales, D. Nicolás Ezequiel de Isidro García de la Plazuela :
Resto del título desde el primer mando de provincia que obtuvo en agosto de 1825 hasta su destitución del cargo de gobernador militar de la Plaza de Madrid, a consecuencia de los sucesos ocurridos en ella en el Palacio de las Cortes y sus inmediaciones en los días 23 y 24 de febrero de 1840.
260 ## - PUBLICACIÓN, DISTRIBUCIÓN, ETC.
Lugar de publicación, distribución, etc. Madrid :
Nombre del editor, distribuidor, etc. [s.n.],
Fecha de publicación, distribución, etc. 1840 (
Fabricante Imp. de El Huracán)
300 ## - DESCRIPCIÓN FÍSICA
Extensión 23 p. ;
Dimensiones 20 cm.
530 ## - NOTA DISPONIBLE DE FORMULARIO FÍSICO ADICIONAL
Nota de formato físico adicional disponible Disponible en formato digital.
600 14 - PUNTO DE ACCESO ADICIONAL DE MATERIA--NOMBRE DE PERSONA
Nombre de persona García de la Plazuela, Nicolas Ezequiel de Isidro.
9 (RLIN) 137493
651 #4 - PUNTO DE ACCESO ADICIONAL DE MATERIA--NOMBRE GEOGRÁFICO
Nombre geográfico Madrid-
Subdivisión general Historia-
Subdivisión cronológica S.XIX.
9 (RLIN) 8969
852 4# - LOCALIZACIÓN
Ubicación ES-MaACL
Número de control de estantería T-12-F-17
Nota libre - Enc. hol., falto de cub.original
-- - Enc. en un vol. facticio
856 4# - LOCALIZACIÓN Y ACCESO ELECTRÓNICOS
Identificador Uniforme de Recursos <a href="http://bdh-rd.bne.es/viewer.vm?id=0000183703&page=1 ">http://bdh-rd.bne.es/viewer.vm?id=0000183703&page=1 </a>
Nota pública Biblioteca Digital Hispánica
Holdings
Estatus retirado Estado de pérdida Estado de daño No para préstamo Colección Biblioteca de origen Biblioteca actual Ubicación en estantería Fecha de adquisición Total de préstamos Signatura topográfica completa Código de barras Visto por última vez Precio de reemplazo Tipo de ítem Koha
        Colección de folletos Biblioteca del Ateneo de Madrid Biblioteca del Ateneo de Madrid Depósito folletos 17/01/2008   T-12-F-17 1163318 23/02/2023 23/02/2023 Folleto